[Event "Titled Tuesday intern op 12th Mar Late"]
[Site "Chess.com INT"]
[Date "2024.03.12"]
[Round "2"]
[White "Kiselev, Pavel"]
[Black "Goltseva, Ekaterina"]
[Result "0-1"]
[WhiteElo "2139"]
[BlackElo "2286"]
[PlyCount "52"]
[EventDate "2024.03.12"]
[EventType "swiss (blitz)"]
[EventRounds "11"]
[EventCountry "USA"]
[SourceTitle "CB12_2024"]
[SourceDate "2023.10.01"]
[SourceVersion "1"]
[SourceVersionDate "2023.10.01"]
[SourceQuality "1"]

1. Nf3 Nf6 2. c4 e6 3. Nc3 d5 4. d4 dxc4 5. e4 b5 6. e5 Nd5 7. Nxb5 Nb6 8. Be2 Be7 9. 0-0 Nc6 10. Be3 0-0 11. Rc1 Rb8 12. Nc3 Bb7 13. Na4 Na5 14. Nxb6 axb6 15. Bxc4 Nxc4 16. Rxc4 Ba6 17. Qc2 Bxc4 18. Qxc4 Ra8 19. a3 Qd7 20. Rc1 Rfc8 21. Nd2 c5 22. Nf3 cxd4 23. Qxd4 Rxc1+ 24. Bxc1 Qxd4 25. Nxd4 Rd8 26. Be3 Bc5 0-1

[Event "Titled Tuesday intern op 09th Jan Early"]
[Site "Chess.com INT"]
[Date "2024.01.09"]
[Round "6"]
[White "Rietze, Clemens"]
[Black "Kiselev, Pavel"]
[Result "0-1"]
[WhiteElo "2341"]
[BlackElo "2139"]
[PlyCount "94"]
[EventDate "2024.01.09"]
[EventType "swiss (blitz)"]
[EventRounds "11"]
[EventCountry "USA"]
[SourceTitle "CB03_2024"]
[SourceDate "2024.01.17"]
[SourceVersion "1"]
[SourceVersionDate "2024.01.17"]
[SourceQuality "1"]

1. d4 Nf6 2. c4 e6 3. Nf3 d5 4. g3 Bb4+ 5. Nbd2 dxc4 6. Bg2 0-0 7. 0-0 b5 8. a4 Bd7 9. Ne5 Nd5 10. axb5 c3 11. bxc3 Bxc3 12. Nxd7 Qxd7 13. Ba3 Bxa1 14. Qxa1 Re8 15. Rb1 Qc8 16. e4 Nb6 17. Nb3 N8d7 18. Na5 Nf6 19. Qc3 Qd7 20. Bc5 a6 21. Nc6 axb5 22. Ne5 Qc8 23. Rxb5 Qa6 24. Rb1 Qa2 25. Rc1 Na4 26. Qc4 Qxc4 27. Nxc4 Nxc5 28. dxc5 Ra4 29. Ne3 Nxe4 30. Rb1 Nxc5 31. Bc6 Raa8 32. Bxe8 Rxe8 33. Rc1 Na6 34. Rc6 Ra8 35. Nc4 Kf8 36. Na5 Ke7 37. f4 Kd7 38. Rc4 c5 39. Kf2 Rb8 40. Kf3 Rb5 41. Ra4 Rb4 42. Ra1 Nc7 43. Ra3 Nd5 44. Nb3 c4 45. Nd4 c3 46. Ke4 Nc7 47. Kd3 Rxd4+ 0-1

[Event "Titled Tuesday intern op 19th Dec Early"]
[Site "Chess.com INT"]
[Date "2023.12.19"]
[Round "10"]
[White "Kuhn, Clement"]
[Black "Kiselev, Pavel"]
[Result "0-1"]
[WhiteElo "2341"]
[BlackElo "2139"]
[PlyCount "110"]
[EventDate "2023.12.19"]
[EventType "swiss (blitz)"]
[EventRounds "11"]
[EventCountry "USA"]
[SourceTitle "CB52_2023"]
[SourceDate "2023.12.27"]
[SourceVersion "1"]
[SourceVersionDate "2023.12.27"]
[SourceQuality "1"]

1. e4 c5 2. Nf3 g6 3. d4 cxd4 4. Qxd4 Nf6 5. Nc3 Nc6 6. Qd2 d6 7. b3 Bg7 8. Bd3 0-0 9. Bb2 Ng4 10. h3 Nge5 11. Nxe5 Nxe5 12. Be2 Qa5 13. 0-0 Bd7 14. Rad1 Rfe8 15. Kh1 Rac8 16. f4 Nc6 17. Qe3 Nb4 18. e5 Nxc2 19. Qd2 Nb4 20. Nd5 Qxd5 21. Qxb4 Qc5 22. Qxc5 Rxc5 23. Bd4 Ra5 24. exd6 exd6 25. Bxg7 Kxg7 26. Bc4 Bc6 27. Rxd6 Rxa2 28. Rg1 Re3 29. Kh2 Rc3 30. Bd5 Bxd5 31. Rxd5 Rxb3 32. Rd7 b5 33. Rb7 a5 34. Re1 Rbb2 35. Rg1 b4 36. Kg3 a4 37. Kf3 b3 38. g4 Rf2+ 39. Kg3 Rfe2 40. Kf3 Re8 41. Rd1 b2 42. Rdd7 Rf8 43. Rb4 a3 44. Rbb7 Ra1 45. f5 b1Q 46. Rxb1 Rxb1 47. Ra7 Rb3+ 48. Kf4 gxf5 49. g5 Rfb8 50. h4 R8b4+ 51. Kxf5 Rb5+ 52. Ke4 Rb7 53. Ra6 R3b4+ 54. Kf5 Rxh4 55. Rxa3 Rb5# 0-1

[Event "Titled Tuesday intern op 26th Sep Early"]
[Site "Chess.com INT"]
[Date "2023.09.26"]
[Round "8"]
[White "Chitlange, Sakshi"]
[Black "Kiselev, Pavel"]
[Result "1-0"]
[WhiteElo "2209"]
[BlackElo "2139"]
[PlyCount "75"]
[EventDate "2023.09.26"]
[EventType "swiss (blitz)"]
[EventRounds "11"]
[EventCountry "USA"]
[SourceTitle "EXT 2024"]
[Source "ChessBase"]
[SourceDate "2023.10.10"]
[SourceVersion "1"]
[SourceVersionDate "2023.10.10"]
[SourceQuality "1"]

1. d4 Nf6 2. Nf3 e6 3. Bg5 Be7 4. Nbd2 c5 5. c3 h6 6. Bxf6 Bxf6 7. e4 cxd4 8. cxd4 d6 9. Bd3 Nd7 10. 0-0 0-0 11. Qe2 b6 12. e5 dxe5 13. dxe5 Be7 14. Qe4 g6 15. Qxa8 Nc5 16. Be4 Qc7 17. Qc6 Qb8 18. Rfe1 Bd7 19. Qa8 Qc7 20. Qxf8+ Bxf8 21. Bc2 Na4 22. Rac1 Qd8 23. Ne4 Nxb2 24. Rb1 Nc4 25. Rbd1 Kg7 26. Bb3 b5 27. Nf6 Nxe5 28. Nxe5 Qxf6 29. Rxd7 Kg8 30. Rxf7 Qg5 31. Bxe6 Kh8 32. Rxf8+ Kg7 33. Rg8+ Kh7 34. Re8 Qd2 35. Nf3 Qd6 36. Bb3 h5 37. R1e7+ Kh6 38. Rh8# 1-0

[Event "Titled Tuesday intern op 26th Sep Early"]
[Site "Chess.com INT"]
[Date "2023.09.26"]
[Round "2"]
[White "Masague Artero, Guerau"]
[Black "Kiselev, Pavel"]
[Result "0-1"]
[WhiteElo "2305"]
[BlackElo "2139"]
[PlyCount "108"]
[EventDate "2023.09.26"]
[EventType "swiss (blitz)"]
[EventRounds "11"]
[EventCountry "USA"]
[SourceTitle "EXT 2024"]
[Source "ChessBase"]
[SourceDate "2023.10.10"]
[SourceVersion "1"]
[SourceVersionDate "2023.10.10"]
[SourceQuality "1"]

1. e4 c5 2. Nc3 Nc6 3. Bb5 g6 4. Bxc6 dxc6 5. d3 Bg7 6. f4 e5 7. Nf3 exf4 8. Bxf4 Nf6 9. 0-0 0-0 10. h3 c4 11. d4 Qb6 12. Bd6 Re8 13. e5 Nd5 14. Nxd5 cxd5 15. Ng5 Bf5 16. Rxf5 gxf5 17. Qh5 Qxd4+ 18. Kh1 h6 19. Qxf7+ Kh8 20. Ne6 Rxe6 21. Qxe6 Qxb2 22. Rf1 Qxc2 23. Rxf5 Qd1+ 24. Kh2 c3 25. Rf7 Qh5 26. Rc7 Re8 27. Rc8 Rxc8 28. Qxc8+ Kh7 29. Qxc3 Qf5 30. Qd4 Qe6 31. a4 b6 32. Kg3 Kg6 33. Kf4 Qf5+ 34. Ke3 h5 35. g4 hxg4 36. hxg4 Bh6+ 37. Ke2 Qe4+ 38. Qxe4+ dxe4 39. e6 Kf6 40. e7 Kf7 41. Kf2 Bg5 42. Ke2 Ke8 43. Bb8 a6 44. Bc7 b5 45. axb5 axb5 46. Bd6 Kd7 47. Bb4 Bxe7 48. Bd2 Ke6 49. Bc3 Kd5 50. Bb2 b4 51. Bc1 b3 52. Bb2 Bc5 53. g5 Bd4 54. g6 Bxb2 0-1

[Event "Titled Tuesday intern op 05th Sep Late"]
[Site "Chess.com INT"]
[Date "2023.09.05"]
[Round "3"]
[White "Sroczynski, Maciej"]
[Black "Kiselev, Pavel"]
[Result "1-0"]
[WhiteElo "2271"]
[BlackElo "2139"]
[PlyCount "45"]
[EventDate "2023.09.05"]
[EventType "swiss (blitz)"]
[EventRounds "11"]
[EventCountry "USA"]
[SourceTitle "EXT 2024"]
[Source "ChessBase"]
[SourceDate "2023.10.10"]
[SourceVersion "1"]
[SourceVersionDate "2023.10.10"]
[SourceQuality "1"]

1. Nf3 f5 2. g3 e6 3. Bg2 d5 4. 0-0 c6 5. d3 Nf6 6. c4 Bd6 7. Nc3 Nbd7 8. e4 fxe4 9. dxe4 Nxe4 10. Nxe4 dxe4 11. Qxd6 exf3 12. Qxe6+ Qe7 13. Qxe7+ Kxe7 14. Re1+ Kf8 15. Bxf3 Nb6 16. b3 Bf5 17. Ba3+ Kf7 18. Re7+ Kf6 19. Rae1 Rab8 20. Bb2+ Kg6 21. Rxg7+ Kh6 22. Ree7 a5 23. Bc1# 1-0

[Event "Titled Tuesday intern op 29th Aug Late"]
[Site "Chess.com INT"]
[Date "2023.08.29"]
[Round "9"]
[White "De Souza, Arthur Olintho"]
[Black "Kiselev, Pavel"]
[Result "1-0"]
[WhiteElo "2113"]
[BlackElo "2139"]
[PlyCount "125"]
[EventDate "2023.08.29"]
[EventType "swiss (blitz)"]
[EventRounds "11"]
[EventCountry "USA"]
[SourceTitle "EXT 2024"]
[Source "ChessBase"]
[SourceDate "2023.10.10"]
[SourceVersion "1"]
[SourceVersionDate "2023.10.10"]
[SourceQuality "1"]

1. e4 Nc6 2. d4 e5 3. Nf3 exd4 4. Nxd4 Bc5 5. Nxc6 dxc6 6. Qxd8+ Kxd8 7. Bc4 Ke8 8. 0-0 Nf6 9. e5 Nd5 10. Nd2 Nb6 11. Bd3 Be6 12. Ne4 Be7 13. b3 c5 14. c4 Rd8 15. Bc2 Kd7 16. Be3 Kc6 17. Nxc5 Bxc5 18. Be4+ Nd5 19. cxd5+ Bxd5 20. Bxd5+ Rxd5 21. Rac1 Kb5 22. Bf4 Rhd8 23. g4 c6 24. Rc4 Rd4 25. Rfc1 Rd1+ 26. Kg2 Rxc1 27. Rxc1 Rd4 28. Kf3 Rd3+ 29. Ke4 Rd4+ 30. Kf3 Rd5 31. Rc4 h6 32. h4 a5 33. g5 hxg5 34. hxg5 g6 35. Re4 Ka6 36. e6 fxe6 37. Rxe6 Rf5 38. Rxg6 Bxf2 39. Kxf2 Rxf4+ 40. Kg3 Rd4 41. Rg8 Rd2 42. g6 Rd1 43. Kf2 Rd2+ 44. Kf3 Rd1 45. Kf2 Rd2+ 46. Kf3 Rd1 47. g7 Rg1 48. Ra8+ Kb5 49. g8Q Rxg8 50. Rxg8 a4 51. Ke3 axb3 52. axb3 Kb4 53. Rb8 b5 54. Rc8 Kxb3 55. Rxc6 b4 56. Kd3 Kb2 57. Rb6 b3 58. Kc4 Ka2 59. Rxb3 Ka1 60. Kc3 Ka2 61. Rb8 Ka1 62. Kc2 Ka2 63. Ra8# 1-0

[Event "Titled Tuesday intern op 29th Aug Late"]
[Site "Chess.com INT"]
[Date "2023.08.29"]
[Round "6"]
[White "Kiselev, Pavel"]
[Black "Zakarian, David"]
[Result "1/2-1/2"]
[WhiteElo "2139"]
[BlackElo "2305"]
[PlyCount "102"]
[EventDate "2023.08.29"]
[EventType "swiss (blitz)"]
[EventRounds "11"]
[EventCountry "USA"]
[SourceTitle "EXT 2024"]
[Source "ChessBase"]
[SourceDate "2023.10.10"]
[SourceVersion "1"]
[SourceVersionDate "2023.10.10"]
[SourceQuality "1"]

1. Nf3 Nf6 2. d4 e6 3. c4 b6 4. g3 Bb7 5. Bg2 Be7 6. 0-0 0-0 7. Nc3 Ne4 8. Qc2 Nxc3 9. Qxc3 d6 10. Qc2 f5 11. Nd2 Bxg2 12. Kxg2 Nd7 13. e4 fxe4 14. Nxe4 e5 15. d5 Nc5 16. f4 exf4 17. Bxf4 Nxe4 18. Qxe4 Qd7 19. Rae1 Rae8 20. Qe6+ Qxe6 21. Rxe6 Bf6 22. Rxe8 Rxe8 23. b3 Bd4 24. Kf3 h6 25. Rd1 Bc5 26. h4 Kf7 27. Rd2 Re1 28. Re2 Rf1+ 29. Kg4 a5 30. Bd2 Ra1 31. Bc3 Rc1 32. Bb2 Rf1 33. Re4 g6 34. Rf4+ Rxf4+ 35. Kxf4 h5 36. g4 hxg4 37. Kxg4 Be3 38. Bc3 Bc5 39. h5 gxh5+ 40. Kxh5 Ke7 41. Kg5 Kd7 42. Kf5 c6 43. dxc6+ Kxc6 44. Ke6 b5 45. Bxa5 bxc4 46. bxc4 Ba3 47. Bd8 Kc5 48. Be7 Kxc4 49. Bxd6 Bxd6 50. Kxd6 Kb4 51. a4 Kxa4 1/2-1/2

[Event "Titled Tuesday intern op 29th Aug Late"]
[Site "Chess.com INT"]
[Date "2023.08.29"]
[Round "4"]
[White "Negron Lizarazo, Juan Sebastian"]
[Black "Kiselev, Pavel"]
[Result "1/2-1/2"]
[WhiteElo "1689"]
[BlackElo "2139"]
[PlyCount "164"]
[EventDate "2023.08.29"]
[EventType "swiss (blitz)"]
[EventRounds "11"]
[EventCountry "USA"]
[SourceTitle "EXT 2024"]
[Source "ChessBase"]
[SourceDate "2023.10.10"]
[SourceVersion "1"]
[SourceVersionDate "2023.10.10"]
[SourceQuality "1"]

1. e4 Nc6 2. Nf3 d5 3. exd5 Qxd5 4. Nc3 Qa5 5. d4 Bg4 6. Be2 0-0-0 7. Be3 e5 8. Nxe5 Bxe2 9. Qxe2 Nxe5 10. dxe5 Bb4 11. Bd2 Ne7 12. 0-0 Nc6 13. a3 Nd4 14. Qg4+ Kb8 15. axb4 Qxb4 16. Rab1 Nxc2 17. Qxb4 Nxb4 18. Be3 Nc6 19. f4 Rd3 20. Bf2 Rd2 21. Rfd1 Rhd8 22. Rxd2 Rxd2 23. Rd1 Rxb2 24. f5 Rc2 25. Ne4 Kc8 26. Bg3 Nd8 27. Ng5 h6 28. e6 fxe6 29. Nxe6 Nxe6 30. fxe6 Re2 31. Rd7 Rxe6 32. Rxc7+ Kd8 33. Rxb7 g5 34. Rxa7 Ke8 35. Rh7 Kf8 36. Rh8+ Kg7 37. Ra8 Rc6 38. h3 Rc1+ 39. Kh2 Rc2 40. Be5+ Kg6 41. Ra6+ Kf5 42. Bg7 h5 43. Ra5+ Kg6 44. Bd4 Rc4 45. Be3 g4 46. Rg5+ Kf6 47. Rxh5 gxh3 48. Rxh3 Rc2 49. Rf3+ Kg6 50. Kh3 Rc3 51. Rg3+ Kf5 52. Bf2 Rc2 53. Bd4 Rc8 54. Rf3+ Kg5 55. Bf6+ Kg6 56. Bh4 Rc4 57. g4 Ra4 58. Rf6+ Kg7 59. Bg5 Ra5 60. Kh4 Ra1 61. Rf3 Rh1+ 62. Rh3 Rf1 63. Bd8 Rd1 64. Ba5 Rd5 65. Bc3+ Kg6 66. Rf3 Rc5 67. Rf6+ Kh7 68. Bd4 Rc4 69. Rd6 Rc1 70. Kg5 Rf1 71. Rd7+ Kg8 72. Kg6 Rf8 73. Bc5 Re8 74. Rg7+ Kh8 75. Rh7+ Kg8 76. Rh5 Re6+ 77. Kf5 Rc6 78. Kf4 Kf7 79. Rf5+ Kg6 80. g5 Ra6 81. Rf6+ Rxf6+ 82. gxf6 Kxf6 1/2-1/2

[Event "Titled Tuesday intern op 15th Aug Early"]
[Site "Chess.com INT"]
[Date "2023.08.15"]
[Round "6"]
[White "Baghdasaryan, Vahe"]
[Black "Kiselev, Pavel"]
[Result "0-1"]
[WhiteElo "2257"]
[BlackElo "2139"]
[PlyCount "64"]
[EventDate "2023.08.15"]
[EventType "swiss (blitz)"]
[EventRounds "11"]
[EventCountry "USA"]
[SourceTitle "EXT 2024"]
[Source "ChessBase"]
[SourceDate "2023.10.10"]
[SourceVersion "1"]
[SourceVersionDate "2023.10.10"]
[SourceQuality "1"]

1. e4 Nc6 2. Nf3 d5 3. exd5 Qxd5 4. Nc3 Qa5 5. d4 Bg4 6. d5 0-0-0 7. Bd2 Bxf3 8. Qxf3 Ne5 9. Qf5+ Nd7 10. Nb5 Qb6 11. Be3 Qa5+ 12. b4 Qxb4+ 13. c3 Qa5 14. d6 e6 15. Qxf7 cxd6 16. Qxe6 a6 17. Na7+ Kb8 18. Qb3 Ka8 19. Bxa6 Qxa6 20. Nb5 Qa5 21. 0-0 Nc5 22. Bxc5 dxc5 23. Rfd1 Be7 24. Rxd8+ Bxd8 25. Rd1 Nf6 26. Nd6 Qc7 27. g4 Rf8 28. g5 Ne8 29. Qa4+ Kb8 30. Nxe8 Qf4 31. Nd6 Qxf2+ 32. Kh1 Bc7 0-1

[Event "Titled Tuesday intern op 15th Aug Early"]
[Site "Chess.com INT"]
[Date "2023.08.15"]
[Round "8"]
[White "Begunov, Konstantin"]
[Black "Kiselev, Pavel"]
[Result "1/2-1/2"]
[WhiteElo "2325"]
[BlackElo "2139"]
[PlyCount "97"]
[EventDate "2023.08.15"]
[EventType "swiss (blitz)"]
[EventRounds "11"]
[EventCountry "USA"]
[SourceTitle "EXT 2024"]
[Source "ChessBase"]
[SourceDate "2023.10.10"]
[SourceVersion "1"]
[SourceVersionDate "2023.10.10"]
[SourceQuality "1"]

1. d4 f5 2. g3 Nf6 3. Bg2 g6 4. Nd2 Bg7 5. e4 fxe4 6. Nxe4 Nxe4 7. Bxe4 d5 8. Bg2 0-0 9. f4 c6 10. Nf3 Nd7 11. 0-0 Nf6 12. c3 Ne4 13. Nd2 Nd6 14. Re1 Bf5 15. Qe2 Re8 16. b3 Qd7 17. Ba3 Nb5 18. Bb2 Nd6 19. a4 Rac8 20. Ba3 Bg4 21. Qf1 Bf5 22. Rac1 Rcd8 23. h3 Ne4 24. Nxe4 dxe4 25. Kh2 Be6 26. Rb1 b6 27. Bxe4 c5 28. d5 Bf7 29. c4 e6 30. Rbd1 Qc8 31. dxe6 Bxe6 32. Qg2 Rxd1 33. Rxd1 Bxh3 34. Bd5+ Be6 35. Re1 Kf8 36. Bb2 Bxd5 37. Bxg7+ Kxg7 38. Rxe8 Qxe8 39. Qxd5 Qe2+ 40. Kh3 Qf1+ 41. Kg4 Qd1+ 42. Kh3 Qxb3 43. Qd7+ Kf6 44. Qd6+ Kg7 45. Qe7+ Kh6 46. Qh4+ Kg7 47. Qe7+ Kg8 48. Qe8+ Kg7 49. Qe7+ 1/2-1/2

[Event "Titled Tuesday intern op 15th Aug Early"]
[Site "Chess.com INT"]
[Date "2023.08.15"]
[Round "7"]
[White "Kiselev, Pavel"]
[Black "Tabuenca Mendataurigoitia, Daniel"]
[Result "0-1"]
[WhiteElo "2139"]
[BlackElo "2359"]
[PlyCount "102"]
[EventDate "2023.08.15"]
[EventType "swiss (blitz)"]
[EventRounds "11"]
[EventCountry "USA"]
[SourceTitle "EXT 2024"]
[Source "ChessBase"]
[SourceDate "2023.10.10"]
[SourceVersion "1"]
[SourceVersionDate "2023.10.10"]
[SourceQuality "1"]

1. Nf3 d5 2. c4 e6 3. d4 a6 4. e3 Nf6 5. Nc3 dxc4 6. Bxc4 b5 7. Bb3 Bb7 8. 0-0 Nbd7 9. Ne5 c5 10. Nxd7 Qxd7 11. dxc5 Bxc5 12. Qxd7+ Nxd7 13. e4 Ke7 14. Bf4 Rhd8 15. Kh1 Rac8 16. f3 Nb6 17. Rad1 f6 18. e5 b4 19. exf6+ gxf6 20. Ne4 Bxe4 21. fxe4 e5 22. Bg3 Bd4 23. Bh4 Rd6 24. Rf3 Rf8 25. h3 a5 26. g4 h6 27. Kg2 a4 28. Bc2 Rc6 29. Rd2 Bxb2 30. Bd3 Bd4 31. Bb5 Rc3 32. Rxc3 bxc3 33. Rc2 a3 34. Be1 Rc8 35. Kf3 Rc5 36. Ba6 Na4 37. Ke2 Nb2 38. Bb7 Kf7 39. Bd5+ Kg6 40. Be6 Na4 41. Kd3 Rb5 42. Bd5 Rb1 43. Bf2 Nb2+ 44. Ke2 Rh1 45. Kf3 Rxh3+ 46. Kg2 Rd3 47. Be6 Rd2 48. Bf5+ Kg5 49. Rxd2 cxd2 50. Bxd4 exd4 51. Kf3 d1Q+ 0-1

[Event "Titled Tuesday intern op 15th Aug Late"]
[Site "Chess.com INT"]
[Date "2023.08.15"]
[Round "3"]
[White "Nigalidze, Gaioz"]
[Black "Kiselev, Pavel"]
[Result "1-0"]
[WhiteElo "2421"]
[BlackElo "2139"]
[PlyCount "61"]
[EventDate "2023.08.15"]
[EventType "swiss (blitz)"]
[EventRounds "11"]
[EventCountry "USA"]
[SourceTitle "EXT 2024"]
[Source "ChessBase"]
[SourceDate "2023.10.10"]
[SourceVersion "1"]
[SourceVersionDate "2023.10.10"]
[SourceQuality "1"]

1. e4 Nc6 2. c4 e5 3. Nc3 Nf6 4. Nf3 d6 5. Bd3 Bd7 6. h3 Nb4 7. Be2 Be7 8. d4 exd4 9. Nxd4 Nc6 10. Nf5 0-0 11. 0-0 Re8 12. Ng3 Bf8 13. b3 g6 14. Bb2 Bg7 15. Rb1 Qe7 16. Re1 Nd4 17. Qxd4 Ng4 18. Qxg7+ Kxg7 19. Nd5+ Nf6 20. Nxe7 Rxe7 21. c5 dxc5 22. e5 Nd5 23. e6+ f6 24. exd7 Rxd7 25. Rbd1 Rad8 26. Bg4 Rd6 27. h4 Nb6 28. Rxd6 Rxd6 29. Re7+ Kg8 30. Ne4 Rd2 31. Be6+ 1-0

[Event "Novorossiysk Small Land Rapid op"]
[Site "Novorossiysk"]
[Date "2023.07.28"]
[Round "9"]
[White "Lebedev, Artem S"]
[Black "Kiselev, Pavel"]
[Result "0-1"]
[WhiteElo "1938"]
[BlackElo "2219"]
[PlyCount "76"]
[EventDate "2023.07.26"]
[EventType "swiss (rapid)"]
[EventRounds "11"]
[EventCountry "RUS"]
[SourceTitle "CBM 215 Extra"]
[Source "ChessBase"]
[SourceDate "2023.09.30"]
[SourceVersion "1"]
[SourceVersionDate "2023.09.30"]
[SourceQuality "1"]

1. e4 c5 2. Nf3 e6 3. d4 cxd4 4. Nxd4 Nc6 5. Nc3 Qc7 6. Be3 Nf6 7. f3 Be7 8. Qd2 0-0 9. 0-0-0 a6 10. g4 b5 11. Nxc6 dxc6 12. g5 Nh5 13. f4 g6 14. e5 Rd8 15. Qf2 Rxd1+ 16. Kxd1 c5 17. Bg2 Bb7 18. Kc1 Rd8 19. Rd1 Rxd1+ 20. Kxd1 b4 21. Ne4 Qd8+ 22. Kc1 Qa8 23. Nf6+ Nxf6 24. Bxb7 Qxb7 25. gxf6 Bf8 26. Bxc5 Qh1+ 27. Qg1 Qe4 28. Bxf8 Qxf4+ 29. Kb1 Qxe5 30. Bg7 h5 31. h4 Kh7 32. Qc1 g5 33. hxg5 Kg6 34. Bh6 h4 35. Qh1 Qd5 36. Qf1 h3 37. c4 Qf5+ 38. Qxf5+ exf5 0-1

[Event "Novorossiysk Small Land Rapid op"]
[Site "Novorossiysk"]
[Date "2023.07.28"]
[Round "11"]
[White "Petrov, Nikita"]
[Black "Kiselev, Pavel"]
[Result "1-0"]
[WhiteElo "2559"]
[BlackElo "2219"]
[PlyCount "127"]
[EventDate "2023.07.26"]
[EventType "swiss (rapid)"]
[EventRounds "11"]
[EventCountry "RUS"]
[SourceTitle "CBM 215 Extra"]
[Source "ChessBase"]
[SourceDate "2023.09.30"]
[SourceVersion "1"]
[SourceVersionDate "2023.09.30"]
[SourceQuality "1"]

1. d4 d5 2. Nf3 Nf6 3. Bf4 e6 4. e3 Bd6 5. Nbd2 Bxf4 6. exf4 0-0 7. Bd3 c5 8. dxc5 Qc7 9. g3 Qxc5 10. 0-0 b6 11. Qe2 Bb7 12. c3 Qc8 13. Rac1 Ba6 14. c4 Qe8 15. cxd5 Bxd3 16. Qxd3 Nxd5 17. f5 Nd7 18. fxe6 fxe6 19. Ng5 Rf5 20. Nge4 Ne5 21. Qe2 Rd8 22. f4 Ng6 23. Nc4 Qe7 24. Ne3 Nxe3 25. Qxe3 e5 26. Ng5 exf4 27. Qxe7 Nxe7 28. Ne6 Rc8 29. Rxc8+ Nxc8 30. Nxf4 Kf7 31. Rc1 Rc5 32. Rxc5 bxc5 33. Nd3 Ke6 34. Nxc5+ Kd5 35. Nd3 Ke4 36. Nf4 g5 37. Ne6 g4 38. Ng5+ Kf5 39. Nf7 Ke4 40. Kf2 Kd3 41. Ne5+ Kc2 42. b4 Kb2 43. Nxg4 Kxa2 44. Ne5 Kb3 45. Nd3 Ne7 46. g4 Kc4 47. Ke2 Ng6 48. Ke3 h6 49. Ke4 Nh4 50. h3 Ng2 51. Ne5+ Kb5 52. Nf3 Kxb4 53. h4 a5 54. g5 Nxh4 55. gxh6 Ng6 56. h7 a4 57. Nd4 a3 58. Nc2+ Kc5 59. Kf5 Nh8 60. Nxa3 Kd6 61. Kf6 Kd7 62. Nc4 Ke8 63. Kg7 Ke7 64. Nd6 1-0

[Event "Novorossiysk Small Land op"]
[Site "Novorossiysk"]
[Date "2023.07.18"]
[Round "2"]
[White "Kiselev, Pavel"]
[Black "Karavaev, Aleksandr"]
[Result "1/2-1/2"]
[WhiteElo "2219"]
[BlackElo "1856"]
[PlyCount "81"]
[EventDate "2023.07.17"]
[EventType "swiss"]
[EventRounds "9"]
[EventCountry "RUS"]
[SourceTitle "CBM 215 Extra"]
[Source "ChessBase"]
[SourceDate "2023.09.30"]
[SourceVersion "1"]
[SourceVersionDate "2023.09.30"]
[SourceQuality "1"]

1. Nf3 Nf6 2. g3 g6 3. Bg2 Bg7 4. 0-0 d5 5. d3 0-0 6. Nbd2 c5 7. c4 e6 8. Qc2 b6 9. b3 Bb7 10. Bb2 d4 11. e3 dxe3 12. fxe3 Nc6 13. a3 Qd7 14. Ng5 Ng4 15. Bxg7 Kxg7 16. Qc3+ f6 17. Bh3 Nce5 18. Nde4 Bxe4 19. Bxg4 Nxg4 20. Nxe4 e5 21. Rf3 Rad8 22. Rd1 f5 23. Nf2 Qd6 24. Nxg4 fxg4 25. Rxf8 Rxf8 26. Rf1 Rf5 27. b4 Kg8 28. bxc5 Rxf1+ 29. Kxf1 Qf6+ 30. Ke1 bxc5 31. Qb2 Qd6 32. Ke2 h5 33. Qb7 Qf8 34. Ke1 Kh8 35. Ke2 a5 36. Ke1 a4 37. Qd5 Qb8 38. Qxc5 Qb1+ 39. Kd2 Qb2+ 40. Kd1 Qb1+ 41. Kd2 1/2-1/2

[Event "Titled Tuesday intern op 11th Jul Early"]
[Site "Chess.com INT"]
[Date "2023.07.11"]
[Round "6"]
[White "Kiselev, Pavel"]
[Black "Devaev, Alexander"]
[Result "1-0"]
[WhiteElo "2219"]
[BlackElo "2325"]
[PlyCount "61"]
[EventDate "2023.07.11"]
[EventType "swiss (blitz)"]
[EventRounds "11"]
[EventCountry "USA"]
[SourceTitle "EXT 2024"]
[Source "ChessBase"]
[SourceDate "2023.10.10"]
[SourceVersion "1"]
[SourceVersionDate "2023.10.10"]
[SourceQuality "1"]

1. Nf3 Nf6 2. c4 c5 3. d4 cxd4 4. Nxd4 e6 5. g3 Nc6 6. Nxc6 bxc6 7. Bg2 Be7 8. 0-0 0-0 9. Nc3 Rb8 10. b3 Qc7 11. Bb2 e5 12. Rc1 d6 13. Qc2 Rd8 14. Rfd1 h6 15. Ne4 Nxe4 16. Qxe4 Bb7 17. c5 f6 18. cxd6 Bxd6 19. Qc4+ Kh8 20. Bxc6 Rbc8 21. Bxb7 Qxb7 22. Qe6 Bf8 23. Rxd8 Rxd8 24. Qc6 Qxc6 25. Rxc6 Rd2 26. Bc3 Rc2 27. Rc8 Kg8 28. Rc7 Rxa2 29. e3 Rc2 30. Bxe5 Rb2 31. Bxb2 1-0

[Event "Titled Tuesday intern op 11th Jul Late"]
[Site "Chess.com INT"]
[Date "2023.07.11"]
[Round "7"]
[White "Kiselev, Pavel"]
[Black "Sebag, Marie"]
[Result "1-0"]
[WhiteElo "2219"]
[BlackElo "2429"]
[PlyCount "101"]
[EventDate "2023.07.11"]
[EventType "swiss (blitz)"]
[EventRounds "11"]
[EventCountry "USA"]
[SourceTitle "EXT 2024"]
[Source "ChessBase"]
[SourceDate "2023.10.10"]
[SourceVersion "1"]
[SourceVersionDate "2023.10.10"]
[SourceQuality "1"]

1. Nf3 d5 2. c4 c6 3. d4 Nf6 4. e3 Bg4 5. b3 e6 6. Be2 Nbd7 7. 0-0 Bd6 8. Nc3 0-0 9. Bb2 Qe7 10. Nd2 Bxe2 11. Qxe2 e5 12. cxd5 exd4 13. Nd1 dxe3 14. dxc6 exd2 15. Qxe7 Bxe7 16. cxd7 Rfd8 17. Ne3 Rxd7 18. Rfd1 Rad8 19. Nc4 b5 20. Ne5 Rc7 21. Nf3 Rc2 22. Rab1 Ne4 23. Bd4 Ba3 24. Kf1 Rxa2 25. Ke2 Rxd4 26. Nxd4 Nc3+ 27. Kd3 Nxb1 28. Rxb1 Bc1 29. Ke2 a6 30. b4 f6 31. Kd1 Kf7 32. Nb3 g5 33. g3 h5 34. Ra1 Rxa1 35. Nxa1 Kg6 36. Nb3 Ba3 37. Kxd2 Bxb4+ 38. Kd3 a5 39. Nd4 Bc5 40. Nxb5 Bxf2 41. Ke2 Bg1 42. Kf1 Bc5 43. Ke2 a4 44. Kf3 a3 45. Nc3 Kf5 46. h3 g4+ 47. hxg4+ hxg4+ 48. Ke2 Bd4 49. Nb5 Ke4 50. Nxa3 Be5 51. Kf2 1-0

[Event "Anapa Sea Harbor op"]
[Site "Anapa"]
[Date "2023.06.09"]
[Round "8"]
[White "Kiselev, Pavel"]
[Black "Fedorov, Semen"]
[Result "1-0"]
[WhiteElo "2245"]
[BlackElo "1557"]
[PlyCount "53"]
[EventDate "2023.06.02"]
[EventType "swiss"]
[EventRounds "9"]
[EventCountry "RUS"]
[SourceTitle "CBM 214 Extra"]
[Source "ChessBase"]
[SourceDate "2023.07.31"]
[SourceVersion "1"]
[SourceVersionDate "2023.07.31"]
[SourceQuality "1"]

1. Nf3 Nf6 2. g3 b6 3. Bg2 Bb7 4. 0-0 e6 5. c4 Be7 6. Nc3 0-0 7. Re1 d5 8. cxd5 exd5 9. d4 Na6 10. Bg5 c5 11. Rc1 Ne4 12. Bxe7 Qxe7 13. e3 Rac8 14. dxc5 Nxc3 15. Rxc3 bxc5 16. Qa4 Rc6 17. Rd1 Rf6 18. Ne1 d4 19. exd4 Qe2 20. Qc2 Qxc2 21. Nxc2 Bxg2 22. Kxg2 cxd4 23. Rxd4 h5 24. Ne3 Rb8 25. b3 Nb4 26. a3 Na2 27. Rc2 1-0